• 首页
  • 本馆介绍
  • 公告通知
  • 最新文献
  • 馆藏检索
  • 电子资源
  • 读者导购
  • 参考咨询
  • 我的图书馆
  • 登录
  • 详细信息显示
  • 放入我的书架
  • 预约/预借图书
  • 作者相关作品
  • 分类相关作品
  • 丛书相关作品
  • 出版社相关作品

书目信息

  • 表格格式
  • 工作单格式
  • 卡片格式
题名:
网络法
    
 
作者: 佛里拉 著 ;张楚 译
分册:  
出版信息: 北京   社会科学文献出版社  2004.05
页数: 426页
开本: 23cm
丛书名:
单 册:
中图分类: D912.104
科图分类:
主题词: 计算机网络--ji suan ji wang luo--科技法--研究
电子资源:
ISBN: 7-80149-877-1
000 01102nam0 2200289 450
001 0104000024
005 20090413104610.69
010    @a7-80149-877-1@dCNY43.00
100    @a20081124d2004 ekmy0chiy0120 ea
101 1  @achi
102    @aCN@b110000
105    @aa z 000yy
106    @ar
200 1  @a网络法@AWang Luo Fa@e课文和案例@EKe Wen He An Li@f格拉德·佛里拉等著@FGe La De· Fo Li La Deng Zhu@etext and cases@fGerald R.Ferrera@g@G
210    @a北京@c社会科学文献出版社@d2004.05
215    @a426页@c图@d23cm
300    @a创世纪工商管理译库@f主编 廖理
304    @a译者取自版权页
330    @a本书是写给商业专业学生的一本网络法教材, 是以法律原则和商学院教授的商业法律知识为基础的教材, 包括关于网络法的主要案例和法律条文, 作者对这些案例和条文进行了清晰而深刻的解释。
510 1  @aCyberlaw@etext and cases@zeng
606 0  @a计算机网络@Aji suan ji wang luo@x科技法@x研究
690    @aD912.104@v4
701  1 @a佛里拉@AFo Li La@g(Ferrera, Gerald R.)@4著
702  0 @a张楚@AZhang Chu@4译
801  0 @aCN@bHTDF@c20090413
905    @aBZT@dD912.104@e1@f10
906    @dCNY43.00@n0@r1
    
    网络法:课文和案例/格拉德·佛里拉等著:text and cases/Gerald R.Ferrera.-北京:社会科学文献出版社,2004.05
    426页:图;23cm
    创世纪工商管理译库
    
    ISBN 7-80149-877-1:CNY43.00
    本书是写给商业专业学生的一本网络法教材, 是以法律原则和商学院教授的商业法律知识为基础的教材, 包括关于网络法的主要案例和法律条文, 作者对这些案例和条文进行了清晰而深刻的解释。
●
相关链接 在五车中查询图书 在当当中查询图书 在豆瓣中查询图书


正题名:网络法     索取号:D912.104/1         预约/预借

序号 登录号 条形码 馆藏地/架位号 状态 备注
1 717502   2000717502   中心书库南/012架A面6层7列/ [索取号:D912.104/1] 在馆    
2 717503   2000717503   中心书库南/012架A面6层7列/ [索取号:D912.104/1] 在馆    
3 717504   2000717504   中心书库南/012架A面6层7列/ [索取号:D912.104/1] 在馆    
4 717505   2000717505   中心书库南/012架A面6层7列/ [索取号:D912.104/1] 在馆    
5 717506   2000717506   中心书库南/012架A面6层7列/ [索取号:D912.104/1] 在馆    
6 717507   2000717507   中心书库南/012架A面6层7列/ [索取号:D912.104/1] 在馆    
7 717508   2000717508   中心书库南/012架A面6层7列/ [索取号:D912.104/1] 在馆    
8 717509   2000717509   中心书库南/012架A面6层7列/ [索取号:D912.104/1] 在馆    
9 717510   2000717510   中心书库南/012架A面6层7列/ [索取号:D912.104/1] 在馆    
10 717511   2000717511   中心书库南/012架A面6层7列/ [索取号:D912.104/1] 在馆    
山东省滨州职业学院图书馆 欢迎您!
大连网信软件有限公司© 版权所有